• 首页
  • 本馆介绍
  • 公告通知
  • 最新文献
  • 馆藏检索
  • 电子资源
  • 读者导购
  • 参考咨询
  • 我的图书馆
  • 登录
  • 详细信息显示
  • 放入我的书架
  • 预约/预借图书
  • 作者相关作品
  • 分类相关作品
  • 丛书相关作品
  • 出版社相关作品

书目信息

  • 表格格式
  • 工作单格式
  • 卡片格式
题名:
创造儿童教育奇迹
    
 
作者: 钱常明 著
分册:  
出版信息: 西安   陕西人民出版社  2014
页数: 270页
开本: 21cm
丛书名:
单 册:
中图分类: K825.46=76
科图分类:
主题词: 教育工作者--生平事迹--中国--现代 , 教育工作者
电子资源:
ISBN: 978-7-224-10934-4
000 01000nam0 2200265 450
001 7117
005 20180604223006.54
010    @a978-7-224-10934-4@dCNY25.00
090    @aK825.4@bqcm
100    @a20140429d2014 em y0chiy50 ea
101 0  @achi
102    @aCN@b610000
105    @ay z 000yd
200 1  @a创造儿童教育奇迹@9chuang zao er tong jiao yu qi ji@e《速成识字法》与“第二仓颉”祁建华的传奇人生@f钱常明著
210    @a西安@c陕西人民出版社@d2014
215    @a270页@d21cm
330    @a本书共三篇,内容包括:《速成识字法》——熠熠生辉的“当代仓颉”;磨难中创造儿童教育的奇迹;平反后,拼尽全力一往无前。
517 1  @a《速成识字法》与“第二仓颉”祁建华的传奇人生@9《su cheng shi zi fa》yu“di er cang jie”qi jian hua de chuan qi ren sheng
606 0  @a教育工作者@x生平事迹@y中国@z现代
606 0  @a教育工作者
610 0  @a祁建华(1921-2001)
690    @aK825.46=76@v5
701  0 @a钱常明@9qian chang ming@4著
801  0 @aCN@bNLC@c20140429
905    @aMuseLib@dK825.46=76@e1120
    
    创造儿童教育奇迹:《速成识字法》与“第二仓颉”祁建华的传奇人生/钱常明著.-西安:陕西人民出版社,2014
    270页;21cm
    
    
    ISBN 978-7-224-10934-4:CNY25.00
    本书共三篇,内容包括:《速成识字法》——熠熠生辉的“当代仓颉”;磨难中创造儿童教育的奇迹;平反后,拼尽全力一往无前。
●
相关链接 在E读中查询图书 在五车中查询图书 在当当中查询图书 在豆瓣中查询图书


正题名:创造儿童教育奇迹     索取号:K825.46=76/1120         预约/预借

序号 登录号 条形码 馆藏地/架位号 状态 备注
1 1116533   211165335   第二样本阅览室/ [索取号:K825.46=76/1120] 在馆    
2 1116534   211165344   教育系资料室/ [索取号:K825.46=76/1120] 在馆    
3 1116535   211165353   教育系资料室/ [索取号:K825.46=76/1120] 在馆    
4 1116536   211165362   第二借阅区/ [索取号:K825.46=76/1120] 在馆    
唐山师范学院图书馆 欢迎您!
大连网信软件有限公司© 版权所有